[Event "HUN-chT2 Maroczy 1819"]
[Site "Hungary"]
[Date "2019.03.31"]
[Round "10.7"]
[White "Horvath, Julia"]
[Black "Kovacs, Adrian"]
[Result "1/2-1/2"]
[WhiteElo "2106"]
[BlackElo "2215"]
[PlyCount "26"]
[EventDate "2018.09.23"]
[EventType "team-tourn"]
[EventRounds "11"]
[EventCountry "HUN"]
[SourceTitle "EXT 2021"]
[Source "ChessBase"]
[SourceDate "2020.10.23"]
[SourceVersion "1"]
[SourceVersionDate "2020.10.23"]
[SourceQuality "1"]
[WhiteTeam "Budapest Vasas"]
[BlackTeam "Toth Laszlo"]
[WhiteTeamCountry "HUN"]
[BlackTeamCountry "HUN"]

1. d4 Nf6 2. Nf3 c5 3. d5 b5 4. a4 Bb7 5. e4 Nxe4 6. axb5 g6 7. c4 Bg7 8. Bd3 Nf6 9. 0-0 d6 10. Nc3 0-0 11. Re1 Re8 12. Bg5 a6 13. h3 Qd7 1/2-1/2

[Event "HUN-chT2 Maroczy 1819"]
[Site "Hungary"]
[Date "2019.02.10"]
[Round "7.7"]
[White "Hegyesi, Zoltan"]
[Black "Horvath, Julia"]
[Result "0-1"]
[WhiteElo "2172"]
[BlackElo "2106"]
[PlyCount "56"]
[EventDate "2018.09.23"]
[EventType "team-tourn"]
[EventRounds "11"]
[EventCountry "HUN"]
[SourceTitle "EXT 2020"]
[Source "ChessBase"]
[SourceDate "2019.10.17"]
[SourceVersion "1"]
[SourceVersionDate "2019.10.17"]
[SourceQuality "1"]
[WhiteTeam "Kisujszallas"]
[BlackTeam "Budapest Vasas"]
[WhiteTeamCountry "HUN"]
[BlackTeamCountry "HUN"]

1. d4 f5 2. c4 Nf6 3. Nc3 d6 4. Nf3 g6 5. g3 Bg7 6. Bg2 0-0 7. 0-0 Nc6 8. d5 Ne5 9. Nxe5 dxe5 10. c5 e4 11. f3 exf3 12. exf3 e6 13. dxe6 Bxe6 14. Qc2 Qd4+ 15. Qf2 Nd5 16. Nxd5 Bxd5 17. f4 Rfe8 18. Qxd4 Bxd4+ 19. Kh1 Bxg2+ 20. Kxg2 Re2+ 21. Kf3 Rae8 22. c6 b5 23. a4 b4 24. g4 Rxh2 25. gxf5 gxf5 26. Rd1 Re4 27. a5 h5 28. Kg3 Ree2 0-1

[Event "HUN-chT2 Maroczy 1819"]
[Site "Hungary"]
[Date "2018.10.28"]
[Round "3.7"]
[White "Hardicsay, Peter"]
[Black "Horvath, Julia"]
[Result "1-0"]
[WhiteElo "2222"]
[BlackElo "2106"]
[PlyCount "139"]
[EventDate "2018.09.23"]
[EventType "team-tourn"]
[EventRounds "11"]
[EventCountry "HUN"]
[SourceTitle "EXT 2020"]
[Source "ChessBase"]
[SourceDate "2019.10.17"]
[SourceVersion "1"]
[SourceVersionDate "2019.10.17"]
[SourceQuality "1"]
[WhiteTeam "Lillafured DVTK II"]
[BlackTeam "Budapest Vasas"]
[WhiteTeamCountry "HUN"]
[BlackTeamCountry "HUN"]

1. e4 e5 2. Nf3 Nc6 3. Bb5 a6 4. Ba4 Nf6 5. 0-0 Be7 6. Re1 b5 7. Bb3 d6 8. c3 0-0 9. h3 Na5 10. Bc2 c5 11. d3 Qc7 12. Nbd2 Bd7 13. Nf1 Rac8 14. Ng3 Nc6 15. Bg5 Be6 16. Nh4 h6 17. Bd2 Rfe8 18. Nhf5 Bf8 19. Qf3 Qd8 20. Rad1 Rc7 21. Bb1 Rd7 22. Be3 d5 23. Rc1 d4 24. cxd4 Nxd4 25. Nxd4 cxd4 26. Bd2 Rc7 27. a3 Be7 28. Nf5 Bxf5 29. Qxf5 Bd6 30. Ba2 Qd7 31. Rxc7 Bxc7 32. Qg6 Kh8 33. Qxf7 Qxf7 34. Bxf7 Rb8 35. Rc1 Bb6 36. Bb4 Nd7 37. Be6 Nf8 38. Bf5 g6 39. Bg4 h5 40. Be2 a5 41. Bd6 Re8 42. Bxf8 Rxf8 43. Rc6 Bd8 44. Rxg6 h4 45. Re6 Bf6 46. Bg4 Kg7 47. Rb6 b4 48. axb4 axb4 49. Rxb4 Ra8 50. Rb7+ Kg6 51. g3 Bg5 52. Kg2 Ra2 53. Bf5+ Kf6 54. Rb6+ Ke7 55. Kf3 Bc1 56. Re6+ Kf8 57. Rxe5 Bxb2 58. Be6 Ra1 59. Kg4 Rf1 60. Rf5+ Ke7 61. Bc4 Bc3 62. Kxh4 Be1 63. f3 Rg1 64. Rg5 Rf1 65. Kg4 Rg1 66. Kf5 Bxg3 67. f4 Kf8 68. e5 Ke7 69. h4 Kf8 70. h5 1-0

[Event "HUN-chT2 Maroczy 1819"]
[Site "Hungary"]
[Date "2018.10.07"]
[Round "2.7"]
[White "Horvath, Julia"]
[Black "Markos, Adam"]
[Result "1-0"]
[WhiteElo "2106"]
[BlackElo "2192"]
[PlyCount "67"]
[EventDate "2018.09.23"]
[EventType "team-tourn"]
[EventRounds "11"]
[EventCountry "HUN"]
[SourceTitle "EXT 2020"]
[Source "ChessBase"]
[SourceDate "2019.10.17"]
[SourceVersion "1"]
[SourceVersionDate "2019.10.17"]
[SourceQuality "1"]
[WhiteTeam "Budapest Vasas"]
[BlackTeam "Dunaharaszti II"]
[WhiteTeamCountry "HUN"]
[BlackTeamCountry "HUN"]

1. d4 Nf6 2. c4 e6 3. Nf3 Bb4+ 4. Bd2 c5 5. Bxb4 cxb4 6. a3 bxa3 7. Nxa3 0-0 8. e3 d6 9. Be2 b6 10. Nb5 a6 11. 0-0 Bb7 12. Nc3 Qc7 13. Qb3 Nbd7 14. Rac1 Rfc8 15. Nd2 e5 16. Rfe1 Nf8 17. Rcd1 exd4 18. exd4 Ne6 19. d5 Nd4 20. Qa2 Nxe2+ 21. Rxe2 b5 22. cxb5 axb5 23. Qb3 b4 24. Qxb4 Nxd5 25. Nxd5 Bxd5 26. Nf1 Bc4 27. Rc2 d5 28. Ne3 Qb8 29. Qxb8 Raxb8 30. Rdc1 g6 31. Nxd5 Rd8 32. Ne7+ Kf8 33. Nc6 Bb3 34. Rc3 1-0

[Event "Banska Stiavnica V4 op"]
[Site "Banska Stiavnica"]
[Date "2018.07.14"]
[Round "8"]
[White "Horvath, Julia"]
[Black "Stanko, Ivan"]
[Result "1-0"]
[WhiteElo "2107"]
[BlackElo "1908"]
[PlyCount "39"]
[EventDate "2018.07.07"]
[EventType "swiss"]
[EventRounds "9"]
[EventCountry "SVK"]
[SourceTitle "CBM 185 Extra"]
[Source "ChessBase"]
[SourceDate "2018.07.29"]
[SourceVersion "1"]
[SourceVersionDate "2018.07.29"]
[SourceQuality "1"]

1. d4 Nf6 2. c4 Nc6 3. Nf3 e6 4. a3 a5 5. Nc3 d5 6. Bg5 Be7 7. e3 0-0 8. Bd3 h6 9. Bf4 Nh5 10. Bg3 Nxg3 11. hxg3 Bf6 12. Rc1 dxc4 13. Bxc4 e5 14. d5 Ne7 15. Ne4 Ng6 16. Qc2 Bd7 17. d6 c6 18. Nc5 b6 19. Nxd7 Qxd7 20. Qxg6 1-0

[Event "Banska Stiavnica V4 op"]
[Site "Banska Stiavnica"]
[Date "2018.07.11"]
[Round "5"]
[White "Polyik, Peter"]
[Black "Horvath, Julia"]
[Result "1-0"]
[WhiteElo "2265"]
[BlackElo "2107"]
[PlyCount "61"]
[EventDate "2018.07.07"]
[EventType "swiss"]
[EventRounds "9"]
[EventCountry "SVK"]
[SourceTitle "CBM 185 Extra"]
[Source "ChessBase"]
[SourceDate "2018.07.29"]
[SourceVersion "1"]
[SourceVersionDate "2018.07.29"]
[SourceQuality "1"]

1. d4 Nf6 2. Nf3 d5 3. c4 g6 4. cxd5 Nxd5 5. e4 Nb6 6. a4 Bg7 7. a5 N6d7 8. Nc3 0-0 9. Be2 c5 10. d5 Ne5 11. Nxe5 Bxe5 12. Be3 f5 13. 0-0 fxe4 14. Nxe4 Nd7 15. Bc4 Nf6 16. d6+ e6 17. Nxf6+ Bxf6 18. Bxc5 Bd7 19. Qb3 Re8 20. Rfe1 Qc8 21. Bb4 Kf7 22. Rac1 Kg7 23. Bb5 Bc6 24. a6 Bxb5 25. Rxc8 Raxc8 26. axb7 Rb8 27. Bc3 a6 28. Bxf6+ Kxf6 29. Qc3+ Kf7 30. Qc7+ Kg8 31. Rxe6 1-0

[Event "Sachsen-Anhalt Verbandsliga 2017/18"]
[Site "Sachsen Anhalt"]
[Date "2018.01.21"]
[Round "4.3"]
[White "Horvath, Julia"]
[Black "Perekhozhuk, Maksym"]
[Result "1-0"]
[WhiteElo "2104"]
[BlackElo "1942"]
[PlyCount "91"]
[EventDate "2017.12.22"]
[EventType "team-tourn"]
[EventRounds "9"]
[EventCountry "GER"]
[SourceTitle "EXT 2020"]
[Source "ChessBase"]
[SourceDate "2019.10.17"]
[SourceVersion "1"]
[SourceVersionDate "2019.10.17"]
[SourceQuality "1"]
[WhiteTeam "Magdeburg Rochade"]
[BlackTeam "Halle USV II"]
[WhiteTeamCountry "GER"]
[BlackTeamCountry "GER"]

1. d4 Nf6 2. c4 c5 3. d5 b5 4. Qc2 d6 5. e4 bxc4 6. Bxc4 g6 7. Nf3 Bg7 8. 0-0 0-0 9. Nbd2 Nfd7 10. a4 Na6 11. Qd3 Nb4 12. Qe2 Nb6 13. Bd3 a5 14. Bb5 Bg4 15. h3 Bd7 16. Nb1 Rb8 17. Nc3 Qe8 18. Bg5 h6 19. Bf4 Kh7 20. Rfd1 f5 21. e5 g5 22. Bc1 g4 23. hxg4 Bxb5 24. axb5 Qg6 25. g5 hxg5 26. Nxg5+ Kg8 27. exd6 exd6 28. Qe6+ Qxe6 29. Nxe6 Rf6 30. Nxg7 Kxg7 31. Rxa5 Re8 32. Bf4 Re7 33. Bg5 Nc4 34. Bxf6+ Kxf6 35. Ra8 Nxb2 36. Rb1 Nc4 37. Rf8+ Kg6 38. Rb8 Nd2 39. Rd1 Nb3 40. b6 Na6 41. Ra8 Nb4 42. Ra7 Re8 43. b7 Rb8 44. Nb5 Nd4 45. Nxd4 cxd4 46. Rxd4 1-0

[Event "HUN-chT2 Maroczy 1718"]
[Site "Hungary"]
[Date "2017.12.17"]
[Round "4.7"]
[White "Horvath, Julia"]
[Black "Ongut, Tamas Gunes"]
[Result "1/2-1/2"]
[WhiteElo "2111"]
[BlackElo "2293"]
[PlyCount "50"]
[EventDate "2017.10.29"]
[EventType "team-tourn"]
[EventRounds "9"]
[EventCountry "HUN"]
[SourceTitle "EXT 2021"]
[Source "ChessBase"]
[SourceDate "2020.10.23"]
[SourceVersion "1"]
[SourceVersionDate "2020.10.23"]
[SourceQuality "1"]
[WhiteTeam "Budapest Vasas"]
[BlackTeam "Taban Spartacus"]
[WhiteTeamCountry "HUN"]
[BlackTeamCountry "HUN"]

1. f4 Nf6 2. Nf3 g6 3. d3 d5 4. g3 Bg7 5. Bg2 0-0 6. 0-0 c5 7. Nc3 Nc6 8. e4 d4 9. Ne2 Qc7 10. h3 e5 11. g4 exf4 12. Bxf4 Qe7 13. Ng3 Nd7 14. Qd2 Nde5 15. Bh6 Nxf3+ 16. Rxf3 Ne5 17. Rf2 f6 18. Raf1 Be6 19. b3 Bxh6 20. Qxh6 Qg7 21. Qf4 Rad8 22. Qd2 Qe7 23. Ne2 Kg7 24. Nf4 Bg8 25. Kh1 Qd7 1/2-1/2

[Event "Banska Stiavnica V4 op"]
[Site "Banska Stiavnica"]
[Date "2017.07.13"]
[Round "6"]
[White "Horvath, Julia"]
[Black "Belunek, Vladimir"]
[Result "1/2-1/2"]
[WhiteElo "2103"]
[BlackElo "2238"]
[PlyCount "89"]
[EventDate "2017.07.08"]
[EventType "swiss"]
[EventRounds "9"]
[EventCountry "SVK"]
[SourceTitle "CBM 179 Extra"]
[Source "ChessBase"]
[SourceDate "2017.08.23"]
[SourceVersion "1"]
[SourceVersionDate "2017.08.23"]
[SourceQuality "1"]

1. d4 Nf6 2. c4 e6 3. Nf3 b6 4. g3 Bb7 5. Bg2 Be7 6. 0-0 0-0 7. Nc3 Ne4 8. Nxe4 Bxe4 9. Ne1 Bxg2 10. Nxg2 d5 11. cxd5 Qxd5 12. Ne3 Qd7 13. d5 Rd8 14. dxe6 Qxe6 15. Qc2 c5 16. Bd2 Nc6 17. Bc3 Bf6 18. Rfe1 Nd4 19. Bxd4 Rxd4 20. b3 h5 21. Rad1 h4 22. Qf5 hxg3 23. hxg3 Rad8 24. Qxe6 fxe6 25. Rxd4 Bxd4 26. Rd1 Kf7 27. Kg2 Ke7 28. Rd3 Bxe3 29. Rxe3 Rd2 30. a4 Rc2 31. f4 Kf6 32. Kf3 c4 33. bxc4 Rxc4 34. Ra3 g5 35. fxg5+ Kxg5 36. a5 b5 37. a6 Ra4 38. Rb3 b4 39. Ke4 Kg4 40. Ke5 Rxa6 41. Rxb4+ Kxg3 42. e4 Rb6 43. Rxb6 axb6 44. Kxe6 b5 45. Kd5 1/2-1/2

[Event "Banska Stiavnica V4 op"]
[Site "Banska Stiavnica"]
[Date "2017.07.09"]
[Round "2"]
[White "Horvath, Julia"]
[Black "Aczel, Gergely"]
[Result "1-0"]
[WhiteElo "2103"]
[BlackElo "2533"]
[PlyCount "129"]
[EventDate "2017.07.08"]
[EventType "swiss"]
[EventRounds "9"]
[EventCountry "SVK"]
[SourceTitle "CBM 179 Extra"]
[Source "ChessBase"]
[SourceDate "2017.08.23"]
[SourceVersion "1"]
[SourceVersionDate "2017.08.23"]
[SourceQuality "1"]

1. d4 Nf6 2. c4 e6 3. a3 d5 4. Nc3 c6 5. cxd5 exd5 6. Bf4 Bd6 7. Qd2 0-0 8. Nf3 Ne4 9. Qc1 Bf5 10. g3 Re8 11. Bg2 Bg6 12. Bxd6 Qxd6 13. e3 Nd7 14. 0-0 h6 15. b4 a6 16. Qb2 b5 17. Rfc1 Nb6 18. Nxe4 Bxe4 19. Ne5 Nc4 20. Qc3 Bxg2 21. Kxg2 f6 22. Nd3 h5 23. Nc5 h4 24. Re1 f5 25. Qd3 Qg6 26. Qd1 a5 27. Qf3 Ra7 28. a4 Qg4 29. Qxg4 fxg4 30. gxh4 axb4 31. axb5 Rxa1 32. Rxa1 cxb5 33. Rb1 Ra8 34. Rxb4 Nd6 35. Rb2 Ra1 36. Nd3 Kf7 37. Nf4 Ra7 38. Nxd5 Ke6 39. Nc3 Kd7 40. Kg3 Rc7 41. Nd5 Rc1 42. Kxg4 Rh1 43. Kg3 Kc6 44. Nc3 Rc1 45. Ne2 Re1 46. Nf4 Nc4 47. Rc2 Kd6 48. Kf3 Rh1 49. h3 Rb1 50. e4 Rb3+ 51. Kg4 Rb2 52. e5+ Kd7 53. Rxb2 Nxb2 54. Kf3 b4 55. Ke2 b3 56. Kd2 Nc4+ 57. Kc3 b2 58. Kc2 Kc6 59. h5 Kd7 60. Nd3 Na3+ 61. Kxb2 Nb5 62. d5 Nc7 63. Nf4 Nb5 64. Kc2 Nd4+ 65. Kd3 1-0

[Event "Oberliga Ost-A 1617"]
[Site "Germany"]
[Date "2017.03.19"]
[Round "8.5"]
[White "Horvath, Julia"]
[Black "Wappler, Markus"]
[Result "1/2-1/2"]
[WhiteElo "2161"]
[BlackElo "2213"]
[PlyCount "110"]
[EventDate "2016.10.16"]
[EventType "team-tourn"]
[EventRounds "11"]
[EventCountry "GER"]
[SourceTitle "EXT 2018"]
[Source "ChessBase"]
[SourceDate "2017.10.13"]
[SourceVersion "1"]
[SourceVersionDate "2017.10.13"]
[SourceQuality "1"]
[WhiteTeam "Magdeburg Rochade"]
[BlackTeam "Dresden Gruen Weiss"]
[WhiteTeamCountry "GER"]
[BlackTeamCountry "GER"]

1. d4 d6 2. e4 Nf6 3. Nc3 e5 4. Nf3 Nbd7 5. Bc4 Be7 6. h3 0-0 7. Be3 c6 8. 0-0 b5 9. Bd3 Bb7 10. a3 Qc7 11. Re1 a6 12. Bg5 h6 13. Bh4 Rfe8 14. Bg3 Nh7 15. Bf1 Rad8 16. Qd2 Bf6 17. Rad1 Ndf8 18. dxe5 dxe5 19. Qe3 Ne6 20. Rxd8 Rxd8 21. Rd1 Rxd1 22. Nxd1 Bc8 23. Qc3 Nf4 24. Ne3 Ng5 25. Nxg5 hxg5 26. Qd2 Qd8 27. Qxd8+ Bxd8 28. f3 Bb6 29. Bf2 Kf8 30. Nd1 Bxf2+ 31. Kxf2 Ke7 32. g3 Nh5 33. Ne3 g6 34. c4 Ng7 35. cxb5 axb5 36. Nc2 Ne6 37. Ke3 Kd6 38. b4 f5 39. Kd3 f4 40. g4 Nc7 41. Kc3 Na8 42. Ne1 Be6 43. Be2 Nb6 44. Ng2 Ke7 45. Bd3 Bf7 46. Be2 Nd7 47. Ne1 Nb6 48. Ng2 Kd6 49. Bd3 Na8 50. Ne1 Nc7 51. Be2 Ne6 52. Nc2 Be8 53. Bd1 Bd7 54. Be2 Be8 55. Bd1 Bd7 1/2-1/2

[Event "Oberliga Ost-A 1617"]
[Site "Germany"]
[Date "2016.12.04"]
[Round "4.4"]
[White "Schunk, Thomas"]
[Black "Horvath, Julia"]
[Result "1/2-1/2"]
[WhiteElo "2185"]
[BlackElo "2161"]
[PlyCount "79"]
[EventDate "2016.10.16"]
[EventType "team-tourn"]
[EventRounds "11"]
[EventCountry "GER"]
[SourceTitle "EXT 2018"]
[Source "ChessBase"]
[SourceDate "2017.10.13"]
[SourceVersion "1"]
[SourceVersionDate "2017.10.13"]
[SourceQuality "1"]
[WhiteTeam "Leipzig SG II"]
[BlackTeam "Magdeburg Rochade"]
[WhiteTeamCountry "GER"]
[BlackTeamCountry "GER"]

1. c4 e5 2. Nc3 f5 3. g3 Nf6 4. Bg2 Nc6 5. a3 d6 6. b4 Be7 7. b5 Nd4 8. e3 Ne6 9. d4 0-0 10. Nge2 e4 11. Nf4 a6 12. Bb2 Nxf4 13. gxf4 Be6 14. Qe2 c6 15. 0-0 Bf7 16. f3 Bh5 17. bxc6 bxc6 18. Qc2 exf3 19. Bxf3 Bxf3 20. Rxf3 Rb8 21. Rb1 Qd7 22. h3 d5 23. c5 Rb7 24. Bc1 Rfb8 25. Rxb7 Rxb7 26. Kh2 Bd8 27. Qa4 a5 28. Rf2 Qe6 29. Rg2 g6 30. Qc2 Kf7 31. Qd3 Ne4 32. Ne2 Qc8 33. Ng1 Rb8 34. Nf3 Bf6 35. Bd2 a4 36. Bb4 Qb7 37. Ne1 Bh4 38. Nf3 Bf6 39. Ne1 Bh4 40. Nf3 1/2-1/2

[Event "Banska Stiavnica V4 op"]
[Site "Banska Stiavnica"]
[Date "2016.07.08"]
[Round "7"]
[White "Horvath, Julia"]
[Black "Toma, Rudolf"]
[Result "1/2-1/2"]
[WhiteElo "2161"]
[BlackElo "2053"]
[PlyCount "92"]
[EventDate "2016.07.02"]
[EventType "swiss"]
[EventRounds "9"]
[EventCountry "SVK"]
[SourceTitle "CBM 173 Extra"]
[Source "ChessBase"]
[SourceDate "2016.08.29"]
[SourceVersion "1"]
[SourceVersionDate "2016.08.29"]
[SourceQuality "1"]

1. d4 d5 2. Nf3 Nf6 3. c4 e6 4. g3 c6 5. Nbd2 Qa5 6. Bg2 dxc4 7. 0-0 b5 8. e4 Bb7 9. e5 Nd5 10. Ne4 h6 11. Bd2 Qc7 12. a3 Nd7 13. Qc2 Be7 14. Rfe1 0-0 15. b3 N7b6 16. b4 Rad8 17. h4 Bc8 18. Rad1 Na4 19. Qc1 f5 20. exf6 Bxf6 21. Nxf6+ Rxf6 22. Ne5 c3 23. Be3 Nb2 24. Rf1 Nxd1 25. Rxd1 Bd7 26. Be4 Nxe3 27. Qxe3 Be8 28. Qxc3 Qd6 29. Rd2 Rc8 30. Bc2 h5 31. Be4 Rc7 32. Rc2 Kh8 33. Qe3 a6 34. Rc5 Rf8 35. Bc2 Rf6 36. Qe4 g6 37. Qe3 Kg7 38. Be4 Rc8 39. Qc3 Rd8 40. Nf3 Rxf3 41. Qxf3 Qxd4 42. Bxc6 Bxc6 43. Rxc6 Rd6 44. Rc7+ Rd7 45. Qc3 Qxc3 46. Rxc3 Rd6 1/2-1/2

[Event "Banska Stiavnica V4 op"]
[Site "Banska Stiavnica"]
[Date "2016.07.02"]
[Round "1"]
[White "Horvath, Julia"]
[Black "Sandor, Martin"]
[Result "1-0"]
[WhiteElo "2161"]
[BlackElo "1763"]
[PlyCount "61"]
[EventDate "2016.07.02"]
[EventType "swiss"]
[EventRounds "9"]
[EventCountry "SVK"]
[SourceTitle "CBM 173 Extra"]
[Source "ChessBase"]
[SourceDate "2016.08.29"]
[SourceVersion "1"]
[SourceVersionDate "2016.08.29"]
[SourceQuality "1"]

1. d4 d5 2. c4 c6 3. Nf3 Nf6 4. e3 e6 5. Bd3 dxc4 6. Bxc4 Nbd7 7. 0-0 Nb6 8. Bd3 Bd6 9. e4 Be7 10. Nc3 h6 11. Qe2 0-0 12. e5 Nfd5 13. Bxh6 gxh6 14. Qe4 f5 15. exf6 Nxf6 16. Qg6+ Kh8 17. Qxh6+ Kg8 18. Qg5+ Kh8 19. Ne5 Bd6 20. f4 Bxe5 21. fxe5 Nh7 22. Qh6 Rf5 23. Bxf5 exf5 24. Rad1 Qg8 25. Rd3 Be6 26. Rg3 Qf7 27. Ne4 Re8 28. Ng5 Qd7 29. Nxh7 Qxh7 30. Qxh7+ Kxh7 31. Rf4 1-0

[Event "HUN-chT2 Maroczy 1516"]
[Site "Hungary"]
[Date "2016.02.28"]
[Round "6.6"]
[White "Horvath, Julia"]
[Black "Papp Zoltan, Csaba"]
[Result "1-0"]
[WhiteElo "2187"]
[BlackElo "2242"]
[PlyCount "51"]
[EventDate "2015.10.18"]
[EventType "team-tourn"]
[EventRounds "9"]
[EventCountry "HUN"]
[SourceTitle "EXT 2017"]
[Source "ChessBase"]
[SourceDate "2016.10.25"]
[SourceVersion "1"]
[SourceVersionDate "2016.10.25"]
[SourceQuality "1"]
[WhiteTeam "Vasas"]
[BlackTeam "Maroczy"]
[WhiteTeamCountry "HUN"]
[BlackTeamCountry "HUN"]

1. d4 d5 2. c4 Bf5 3. cxd5 Bxb1 4. Qa4+ c6 5. Rxb1 Qxd5 6. Nf3 Nd7 7. b4 Ngf6 8. e3 e6 9. Be2 Bd6 10. 0-0 0-0 11. Qc2 Rac8 12. Nd2 Bb8 13. Bb2 Nb6 14. g3 e5 15. a4 exd4 16. Bxd4 Qe6 17. Bf3 Nbd7 18. Ne4 Nxe4 19. Bxe4 g6 20. f4 b6 21. f5 Qe7 22. fxg6 fxg6 23. Qc4+ Rf7 24. Bd5 cxd5 25. Qxc8+ Qf8 26. Rxf7 1-0

[Event "HUN-chT2 Maroczy 1516"]
[Site "Hungary"]
[Date "2016.02.14"]
[Round "5.6"]
[White "Hegyesi, Zoltan"]
[Black "Horvath, Julia"]
[Result "1/2-1/2"]
[WhiteElo "2204"]
[BlackElo "2187"]
[PlyCount "119"]
[EventDate "2015.10.18"]
[EventType "team-tourn"]
[EventRounds "9"]
[EventCountry "HUN"]
[SourceTitle "EXT 2017"]
[Source "ChessBase"]
[SourceDate "2016.10.25"]
[SourceVersion "1"]
[SourceVersionDate "2016.10.25"]
[SourceQuality "1"]
[WhiteTeam "Kisujszallas"]
[BlackTeam "Vasas"]
[WhiteTeamCountry "HUN"]
[BlackTeamCountry "HUN"]

1. d4 f5 2. c4 Nf6 3. Nc3 d6 4. Nf3 e6 5. g3 Be7 6. Bg2 0-0 7. b3 c6 8. Qc2 Na6 9. 0-0 Nb4 10. Qd2 Na6 11. Bb2 Qe8 12. Rae1 Ne4 13. Qd3 d5 14. a3 Nb8 15. Ne5 Nd7 16. Nxd7 Bxd7 17. f3 Nxc3 18. Qxc3 f4 19. e4 Rc8 20. b4 Qg6 21. g4 h5 22. h3 Bh4 23. Re2 b6 24. Qb3 dxc4 25. Qxc4 Be7 26. Rd2 Bd6 27. Qd3 Rfd8 28. Rfd1 Be7 29. Qe2 Be8 30. Rc2 Bf6 31. Rcd2 Qf7 32. Bf1 Qe7 33. e5 Bh4 34. Qe4 Bg3 35. Bd3 Qh4 36. Qh7+ Kf8 37. Qh8+ Kf7 38. gxh5 Ke7 39. Qxg7+ Bf7 40. Bg6 Rf8 41. Rc2 Qg5 42. Qf6+ Qxf6 43. exf6+ Kd7 44. b5 Bh4 45. Rdc1 Bxg6 46. hxg6 Rxf6 47. bxc6+ Kd6 48. Rg2 Bg3 49. d5 Rxg6 50. dxe6 Rxe6 51. Rd2+ Kc7 52. Kf1 Rce8 53. Rd7+ Kc8 54. Bd4 Rxc6 55. Rxc6+ Kxd7 56. Rh6 Re1+ 57. Kg2 Re2+ 58. Kg1 Re1+ 59. Kg2 Re2+ 60. Kg1 1/2-1/2

[Event "Oberliga Ost-A 1415"]
[Site "Germany"]
[Date "2015.03.15"]
[Round "9.4"]
[White "Kreyssig, Robert"]
[Black "Horvath, Julia"]
[Result "1-0"]
[WhiteElo "2101"]
[BlackElo "2193"]
[PlyCount "93"]
[EventDate "2014.09.21"]
[EventType "team-tourn"]
[EventRounds "11"]
[EventCountry "GER"]
[SourceTitle "EXT 2016"]
[Source "ChessBase"]
[SourceDate "2015.10.08"]
[SourceVersion "1"]
[SourceVersionDate "2015.10.08"]
[SourceQuality "1"]
[WhiteTeam "Leipzig SG II"]
[BlackTeam "Magdeburg Rochade"]
[WhiteTeamCountry "GER"]
[BlackTeamCountry "GER"]

1. d4 d5 2. c4 e6 3. Nc3 Be7 4. Nf3 c6 5. e3 f5 6. Bd3 Nf6 7. 0-0 0-0 8. Qc2 Ne4 9. Ne5 Nd7 10. Nxd7 Bxd7 11. f3 Nd6 12. c5 Nf7 13. e4 b6 14. exf5 exf5 15. b4 Bf6 16. Be3 g6 17. Bf2 Ng5 18. Ne2 Ne6 19. Rab1 Qe7 20. b5 cxb5 21. cxb6 axb6 22. Bxb5 Bxb5 23. Rxb5 Rfc8 24. Qb3 Nc7 25. Rxb6 Qxe2 26. Rxf6 Qc4 27. Qb6 Ra6 28. Qb7 Rxf6 29. Qxc8+ Rf8 30. Qd7 Rf7 31. Qd8+ Kg7 32. Qd6 Qxa2 33. Bg3 Qc4 34. Be5+ Kh6 35. Bf4+ Kg7 36. Qe5+ Kg8 37. Rc1 Qb4 38. h3 g5 39. Rxc7 gxf4 40. Rc8+ Rf8 41. Qe6+ Kh8 42. Qe5+ Kg8 43. Qxd5+ Kg7 44. Rc7+ Kg6 45. Qe6+ Rf6 46. Qg8+ Kh5 47. Qxh7+ 1-0

[Event "HUN-chT2 Maroczy 1415"]
[Site "Hungary"]
[Date "2015.03.01"]
[Round "7"]
[White "Horvath, Julia"]
[Black "Papp, Levente"]
[Result "1/2-1/2"]
[WhiteElo "2194"]
[BlackElo "1950"]
[PlyCount "149"]
[EventDate "2014.10.12"]
[EventType "team-tourn"]
[EventRounds "9"]
[EventCountry "HUN"]
[SourceTitle "EXT 2016"]
[Source "ChessBase"]
[SourceDate "2015.10.08"]
[SourceVersion "1"]
[SourceVersionDate "2015.10.08"]
[SourceQuality "1"]
[WhiteTeam "Vasas"]
[BlackTeam "Miskolc KisBocsok"]
[WhiteTeamCountry "HUN"]
[BlackTeamCountry "HUN"]

1. d4 d5 2. Nf3 c6 3. e3 Nf6 4. c4 e6 5. Nc3 Nbd7 6. Bd3 dxc4 7. Bxc4 b5 8. Bd3 a6 9. 0-0 Bb7 10. e4 c5 11. d5 c4 12. Bc2 Bc5 13. dxe6 fxe6 14. e5 Bxf3 15. Qxf3 Nxe5 16. Qe2 Ned7 17. Qxe6+ Qe7 18. Qh3 0-0 19. Bg5 Qe5 20. Bh4 Qh5 21. Rad1 Ne5 22. Ne4 Nxe4 23. Bxe4 Rae8 24. Rd5 Rf4 25. Rxc5 Rxe4 26. Rc8 Ng4 27. Rxe8+ Rxe8 28. Qg3 Qf5 29. h3 Ne5 30. Qe3 Qd3 31. Qb6 Qg6 32. Qxg6 hxg6 33. Rd1 Nd3 34. b3 Re2 35. bxc4 bxc4 36. a3 Ra2 37. Be7 Kf7 38. Bd6 Ke6 39. Bf8 Kd5 40. Bxg7 Rxa3 41. f3 Ra2 42. h4 Kc5 43. g4 Nf4 44. Bd4+ Kc6 45. Be3 Ne2+ 46. Kf1 Ng3+ 47. Kg1 c3 48. Re1 a5 49. Bf2 Ne2+ 50. Kf1 c2 51. Be3 Nc3 52. h5 gxh5 53. gxh5 Nd1 54. Bf4 Ra3 55. Kg2 Rd3 56. h6 Ne3+ 57. Bxe3 Rxe3 58. Rc1 Re6 59. Rh1 Re8 60. Kf2 Kb5 61. Rc1 Rh8 62. Rxc2 Rxh6 63. Ke3 a4 64. f4 Kb4 65. f5 Kb3 66. Rf2 a3 67. Kf4 Rc6 68. Kg5 Rc2 69. Rf3+ Kb2 70. Rxa3 Kxa3 71. f6 Rg2+ 72. Kh6 Rf2 73. Kg7 Kb4 74. f7 Rxf7+ 75. Kxf7 1/2-1/2

[Event "Oberliga Ost-A 1415"]
[Site "Germany"]
[Date "2015.01.17"]
[Round "6.1"]
[White "Horvath, Julia"]
[Black "Schuster, Martin"]
[Result "1-0"]
[WhiteElo "2193"]
[BlackElo "2255"]
[PlyCount "81"]
[EventDate "2014.09.21"]
[EventType "team-tourn"]
[EventRounds "11"]
[EventCountry "GER"]
[SourceTitle "EXT 2016"]
[Source "ChessBase"]
[SourceDate "2015.10.08"]
[SourceVersion "1"]
[SourceVersionDate "2015.10.08"]
[SourceQuality "1"]
[WhiteTeam "Magdeburg Rochade"]
[BlackTeam "Loeberitz"]
[WhiteTeamCountry "GER"]
[BlackTeamCountry "GER"]

1. d4 Nf6 2. c4 e6 3. Nf3 d5 4. e3 Be7 5. Nc3 0-0 6. Bd3 c5 7. 0-0 Nc6 8. b3 b6 9. cxd5 exd5 10. Ne5 Nb4 11. Be2 Bf5 12. a3 cxd4 13. exd4 Rc8 14. axb4 Rxc3 15. Rxa7 Rc7 16. Rxc7 Qxc7 17. Bf4 Qc3 18. b5 Bc2 19. Qa1 Qxb3 20. Qa7 Re8 21. Qxb6 Qb2 22. Bd3 Bxd3 23. Nxd3 Qe2 24. Ne5 Bb4 25. Qc6 Re6 26. Qa8+ Re8 27. Qa4 Bd6 28. b6 Qb2 29. Qc6 Qxd4 30. Ng4 Qxf4 31. Nxf6+ gxf6 32. Qxe8+ Kg7 33. g3 Qb4 34. Qc6 d4 35. b7 d3 36. Qf3 d2 37. h3 Qb2 38. Rd1 Qc1 39. Kh2 Qb2 40. Qd5 Qb6 41. Rxd2 1-0